000 00880nam a22002417a 4500
005 20140813152324.0
010 _aB-529701-733 ENG-110371
020 _a9788183576703
_c270.00
035 _aB-529701-733
035 _aEN-93903
037 _adpl
_bUBH/Ven
037 _bDBAD/PUB
082 _a000
245 _aDelhi Subordinate Sevices Selection Board (DSSSB) common paper-1 /
_cedited by J.K.Sharma, Manoj Kumar Singh [and] R. Tolani
260 _aNew Delhi
_bUnique Publishers
_c(201?)
270 _a4574/15, Padam Chand Marg (Opp.Happy School)Ansari Road, Daryaganj
_bNew Delhi
_e110002
300 _avarious pagings
_c26cm(pbk)
700 _aSharma, J.K.
700 _aManoj Kumar Singh
700 _aTolani, R.
942 _2ddc
_cEN
_h000
_mDEL
999 _c83213
_d83213